000 00608nam a2200205 a 4500
001 15045
003 CO-ViMGA
008 141112s2004 ck r 000 u spa d
020 _a9586980723
040 _aCO-ViMGA
_bspa
_cCO-ViMGA
082 0 4 _a371.3 E528
100 1 _aConvenio Andres Bello,
_921859
245 1 0 _aEncuentro Internacional de materiales educativos y práctica pedagógica
260 _aBtá,
_cConvenio Andres Bello,
_c2001
300 _a204.p.
650 1 4 _aFORMACION DE DOCENTES
_921860
650 1 4 _aMATERIAL DIDACTICO
_921861
650 1 4 _aPRACTICA PEDAGOGICA
_921862
942 _2ddc
_cBK
999 _c25476
_d25476